| 000 -ლიდერი |
| ფიქსირებული სიგრძის საკონტროლო ველი |
00937nam a22001937a 4500 |
| 003 - საკონტროლო ნომრის იდენტიფიკატორი |
| საკონტროლო ველი |
Ge_BSU |
| 005 - ბოლო ოპერაციის თარიღი და დრო |
| საკონტროლო ველი |
20240606162328.0 |
| 008 - ფიქსირებული სიგრძის მონაცემთა ელემენტები - ზოგადი ინფორმაცია |
| ფიქსირებული სიგრძის საკონტროლო ველი |
240606s1991 ge ||||| |||| 00| 0 geo d |
| 041 ## - ენის კოდი |
| Language code of text/sound track or separate title |
geo |
| 080 ## - უნივერსალური ათობითი კლასიფიკაციის ინდექსი |
| Universal Decimal Classification number |
61(035)+ 615.89 ს-27 |
| 245 ## - ცნობა სათაურის შესახებ |
| Title |
საოჯახო მედიცინა / |
| Statement of responsibility, etc |
[შემდგ.: ვახტანგ ალადაშვილი, ქეთევან თაბუკაშვილი]; ვ. ალადაშვილის რედ. |
| 250 ## - გამოცემის ცნობა |
| Edition statement |
მეორე გამოცემა |
| 264 ## - წარმოების, გამოცემის, დისტრიბუციის და სხვა ცნობები |
| გამოცემის, წარმოების, დისტრიბუციის... ადგილი |
თბ. : |
| გამოცემის, წარმოების, დისტრიბუციის... სახელწოდება |
საქართველო, |
| გამოცემის, წარმოების, დისტრიბუციის... თარიღი |
1991. |
| 300 ## - ფიზიკური აღწერა |
| Extent |
608 გვ. ; |
| Other physical details |
20 სმ. |
| 653 ## - INDEX TERM--UNCONTROLLED |
| Uncontrolled term |
საოჯახო მედიცინა |
| 700 ## - ADDED ENTRY--PERSONAL NAME |
| Personal name |
ალადაშვილი, ვახტანგ |
| Relator term |
შემდგ. |
| 9 (RLIN) |
22342 |
| 700 ## - ADDED ENTRY--PERSONAL NAME |
| Personal name |
თაბუკაშვილი, ქეთევან |
| Relator term |
შემდგენელი |
| 9 (RLIN) |
22343 |
| 942 ## - ADDED ENTRY ELEMENTS (KOHA) |
| Source of classification or shelving scheme |
|
| Koha item type |
წიგნი |